[Event "Wch Juvenil 2010 sub18"]
[Site "Porto Carras GRE"]
[Date "2010.10.21"]
[Round "2.1"]
[White "Priyadharshan, K."]
[Black "Ter-Sahakyan, Samvel"]
[Result "0-1"]
[WhiteElo "2357"]
[BlackElo "2516"]
[PlyCount "130"]
[EventDate "2010.10.20"]
[EventType "swiss"]
[EventRounds "11"]
[EventCountry "GRE"]
[Source "lmi"]
[SourceDate "2010.10.20"]

1. e4 c5 2. Nf3 d6 3. Bb5+ Nd7 4. d4 a6 5. Bxd7+ Bxd7 6. dxc5 dxc5 7. Nc3 e6 8.
Ne5 Ne7 9. Qh5 Ng6 10. Bf4 Be7 11. O-O-O Nxe5 12. Bxe5 O-O 13. Rd3 f6 14. Rhd1
Qe8 15. Qg4 Bc8 16. Bd6 b5 17. e5 f5 18. Qf3 Ra7 19. Bxe7 Rxe7 20. Qe3 Rc7 21.
Ne2 b4 22. Rd6 a5 23. h4 a4 24. Nf4 Qb5 25. Rd8 Rcf7 26. Rxf8+ Rxf8 27. Nd3 b3
28. axb3 axb3 29. Qxc5 Qa6 30. c4 Qa8 31. Qa3 Qxg2 32. Qxb3 Qh2 33. f4 Qxh4 34.
Qb6 Qh3 35. Kd2 Qh2+ 36. Kc3 g5 37. Qg1 Qxg1 38. Rxg1 g4 39. Nc5 Kf7 40. Rh1
Kg6 41. Kd4 h5 42. Ke3 Rh8 43. b4 h4 44. b5 h3 45. Kf2 Kh5 46. Kg3 Rd8 47. b6
Rd4 48. b7 Bxb7 49. Nxb7 Rxc4 50. Rb1 Rc2 51. Rg1 Rc3+ 52. Kh2 Kh4 53. Nd8 g3+
54. Kh1 h2 55. Nxe6 hxg1=Q+ 56. Kxg1 Kh3 57. Ng5+ Kg4 58. Ne6 Rc1+ 59. Kg2 Rc2+
60. Kg1 g2 61. Nd4 Rd2 62. Nb3 Rb2 63. Nd4 Kh3 64. Nf3 Rb1+ 65. Kf2 Rf1+ 0-1

[Event "Wch Juvenil 2010 sub18"]
[Site "Porto Carras GRE"]
[Date "2010.10.21"]
[Round "2.2"]
[White "Shimanov, Aleksandr"]
[Black "Koohestani, Sh"]
[Result "1/2-1/2"]
[WhiteElo "2512"]
[BlackElo "2344"]
[PlyCount "66"]
[EventDate "2010.10.20"]
[EventType "swiss"]
[EventRounds "11"]
[EventCountry "GRE"]
[Source "lmi"]
[SourceDate "2010.10.20"]

1. d4 Nf6 2. c4 e6 3. Nf3 b6 4. g3 Bb7 5. Bg2 Be7 6. O-O O-O 7. Re1 Bb4 8. Nbd2
Ne4 9. a3 Nxd2 10. Bxd2 Bxd2 11. Qxd2 Be4 12. Nh4 Bxg2 13. Nxg2 d6 14. b4 Qe7
15. e4 Nd7 16. f4 c5 17. dxc5 bxc5 18. Red1 Nb6 19. Ne3 Rfd8 20. a4 cxb4 21.
Qxb4 Rab8 22. e5 Nd5 23. exd6 Qf8 24. Qd2 Nxe3 25. Qxe3 Rxd6 26. Qxa7 Rc6 27.
Qd4 Rb4 28. a5 Rbxc4 29. Qd8 Ra6 30. Rd7 g6 31. Qf6 Qc5+ 32. Kf1 Rxf4+ 33. gxf4
Qb5+ 1/2-1/2

[Event "Wch Juvenil 2010 sub18"]
[Site "Porto Carras GRE"]
[Date "2010.10.21"]
[Round "2.3"]
[White "Csirik, Andras"]
[Black "Salem, A."]
[Result "0-1"]
[WhiteElo "2343"]
[BlackElo "2501"]
[PlyCount "50"]
[EventDate "2010.10.20"]
[EventType "swiss"]
[EventRounds "11"]
[EventCountry "GRE"]
[Source "lmi"]
[SourceDate "2010.10.20"]

1. e4 c5 2. Nf3 d6 3. d4 cxd4 4. Nxd4 Nf6 5. Nc3 Nc6 6. Bg5 e6 7. Qd2 a6 8.
O-O-O Bd7 9. f4 Be7 10. Nf3 b5 11. Bxf6 gxf6 12. Kb1 Qb6 13. g3 O-O-O 14. Bh3
Kb8 15. f5 b4 16. Ne2 e5 17. g4 Na5 18. Ng3 Bc6 19. Rhe1 Nc4 20. Qc1 d5 21. Bf1
dxe4 22. Rxd8+ Rxd8 23. Nxe4 Na3+ 24. Ka1 Bxe4 25. Rxe4 Qc6 0-1

[Event "Wch Juvenil 2010 sub18"]
[Site "Porto Carras GRE"]
[Date "2010.10.21"]
[Round "2.5"]
[White "Gemy, Jose Daniel"]
[Black "Belous, Vladimir"]
[Result "0-1"]
[WhiteElo "2325"]
[BlackElo "2498"]
[PlyCount "70"]
[EventDate "2010.10.20"]
[EventType "swiss"]
[EventRounds "11"]
[EventCountry "GRE"]
[Source "lmi"]
[SourceDate "2010.10.20"]

1. d4 c5 2. dxc5 e6 3. Nf3 Nf6 4. a3 Bxc5 5. e3 O-O 6. c4 b6 7. Nc3 Bb7 8. Bd3
Be7 9. O-O d6 10. b3 Nbd7 11. Bb2 Rc8 12. Nd2 Nc5 13. Be2 Qc7 14. Qc2 Qb8 15.
Rfd1 a6 16. Rac1 Qa8 17. Bf1 Rfd8 18. Qb1 Ncd7 19. Qa1 Rc5 20. f3 Rg5 21. e4
Nh5 22. Rc2 d5 23. g3 Bc5+ 24. Kh1 Ndf6 25. cxd5 exd5 26. Bd3 Re8 27. Qc1 Be3
28. exd5 Bxd5 29. Nxd5 Rxd5 30. Be2 Qb8 31. Kg2 Rg5 32. Rc7 Bf4 33. Bxf6 gxf6
34. Rc4 Nxg3 35. hxg3 Bxd2 0-1

[Event "Wch Juvenil 2010 sub18"]
[Site "Porto Carras GRE"]
[Date "2010.10.21"]
[Round "2.7"]
[White "Martin Fuentes, Alberto"]
[Black "Durarbeyli, Vasif"]
[Result "0-1"]
[WhiteElo "2316"]
[BlackElo "2495"]
[PlyCount "72"]
[EventDate "2010.10.20"]
[EventType "swiss"]
[EventRounds "11"]
[EventCountry "GRE"]
[Source "lmi"]
[SourceDate "2010.10.20"]

1. e4 c5 2. Nc3 Nc6 3. g3 g6 4. d3 Bg7 5. Be3 d6 6. Qd2 Rb8 7. Bg2 b5 8. Nge2
Nd4 9. O-O h5 10. h3 Bxh3 11. Bxd4 cxd4 12. Bxh3 dxc3 13. bxc3 b4 14. Rab1 h4
15. Kg2 bxc3 16. Qe3 hxg3 17. fxg3 Nf6 18. Nd4 Rb2 19. Nc6 Qb6 20. Rxb2 cxb2
21. Qxb6 axb6 22. Rb1 e6 23. Rxb2 g5 24. e5 Nd5 25. c4 Ne3+ 26. Kf3 Rxh3 27.
Kxe3 Rxg3+ 28. Kf2 Rxd3 29. Rxb6 Bxe5 30. c5 Rd2+ 31. Kf1 Rxa2 32. Rb8+ Kd7 33.
Nxe5+ dxe5 34. Rb7+ Ke8 35. c6 Ra8 36. Rc7 Kf8 0-1

[Event "Wch Juvenil 2010 sub18"]
[Site "Porto Carras GRE"]
[Date "2010.10.21"]
[Round "2.8"]
[White "Massoni, Michael"]
[Black "Yilmaz, Mustafa"]
[Result "0-1"]
[WhiteElo "2299"]
[BlackElo "2482"]
[PlyCount "70"]
[EventDate "2010.10.20"]
[EventType "swiss"]
[EventRounds "11"]
[EventCountry "GRE"]
[Source "lmi"]
[SourceDate "2010.10.20"]

1. e4 c5 2. Nf3 d6 3. d4 cxd4 4. Nxd4 Nf6 5. Nc3 a6 6. Be2 e5 7. Nb3 Be7 8. O-O
O-O 9. Kh1 b6 10. Be3 Bb7 11. f3 b5 12. a4 b4 13. Nd5 Nxd5 14. exd5 Nd7 15. c3
bxc3 16. bxc3 Bg5 17. Bf2 Qc7 18. c4 a5 19. Rb1 Ba6 20. Qc2 Rfb8 21. Nd2 f5 22.
Bd3 g6 23. Nb3 Rb4 24. c5 Bxd3 25. Qxd3 dxc5 26. Be1 c4 27. Qc2 c3 28. Qxc3
Qxc3 29. Bxc3 Rxa4 30. Rfe1 Ra3 31. Bd2 Bxd2 32. Nxd2 Rd3 33. Nc4 Rxd5 34. Red1
Rxd1+ 35. Rxd1 Ra7 0-1

[Event "Wch Juvenil 2010 sub18"]
[Site "Porto Carras GRE"]
[Date "2010.10.21"]
[Round "2.10"]
[White "Sieciechowicz, Marcin"]
[Black "Nikolashvili, Giorgi"]
[Result "1/2-1/2"]
[WhiteElo "2443"]
[BlackElo "2294"]
[PlyCount "42"]
[EventDate "2010.10.20"]
[EventType "swiss"]
[EventRounds "11"]
[EventCountry "GRE"]
[Source "lmi"]
[SourceDate "2010.10.20"]

1. d4 Nf6 2. c4 e6 3. Nf3 c5 4. d5 b5 5. Bg5 exd5 6. cxd5 h6 7. Bxf6 Qxf6 8.
Qc2 d6 9. e4 a6 10. a4 b4 11. Nbd2 Nd7 12. Bd3 g5 13. Nc4 Bg7 14. O-O O-O 15.
Rae1 Re8 16. a5 Rb8 17. Qa4 Qe7 18. Qc6 Ne5 19. Nfxe5 Bxe5 20. Nxe5 Qxe5 21.
Re2 Bg4 1/2-1/2

[Event "Wch Juvenil 2010 sub18"]
[Site "Porto Carras GRE"]
[Date "2010.10.21"]
[Round "2.11"]
[White "Firat, Burak"]
[Black "Griffiths, Ryan Rhys"]
[Result "1-0"]
[WhiteElo "2424"]
[BlackElo "2283"]
[PlyCount "117"]
[EventDate "2010.10.20"]
[EventType "swiss"]
[EventRounds "11"]
[EventCountry "GRE"]
[Source "lmi"]
[SourceDate "2010.10.20"]

1. e4 c5 2. Nf3 d6 3. d4 cxd4 4. Nxd4 Nf6 5. Nc3 a6 6. a4 e6 7. g3 Be7 8. Bg2
Qc7 9. O-O Nc6 10. Re1 O-O 11. b3 Nxd4 12. Qxd4 b6 13. Bb2 Bb7 14. Rac1 Rfd8
15. Qd3 Rac8 16. Ne2 Nd7 17. c4 Qb8 18. Qe3 Bf8 19. Nf4 Bc6 20. Ne2 Qa8 21. Nd4
Bb7 22. Ra1 Re8 23. Rad1 Nc5 24. f3 Rcd8 25. Qc3 Nd7 26. a5 Qa7 27. Kh1 Rc8 28.
Qd2 Nc5 29. Re3 Red8 30. Qb4 Nd7 31. Qe1 g6 32. Bh3 Bg7 33. axb6 Qxb6 34. Bc3
Re8 35. Ba5 Qa7 36. Nc2 Qb8 37. Bc3 Ne5 38. Qd2 Nxf3 39. Qxd6 Bxc3 40. Qxb8
Rxb8 41. Rxc3 Ng5 42. Bg2 Nxe4 43. Rf3 Nc5 44. b4 Be4 45. bxc5 Bxc2 46. Rdf1
Re7 47. Ra3 Rc7 48. c6 Rb1 49. Rxb1 Bxb1 50. g4 f5 51. Rb3 Kf8 52. Rxb1 Ke7 53.
Rb7 Kd8 54. Rb8+ Rc8 55. Rb7 Rc7 56. Rb8+ Rc8 57. Rb6 e5 58. Bd5 fxg4 59. Rxa6
1-0

[Event "Wch Juvenil 2010 sub18"]
[Site "Porto Carras GRE"]
[Date "2010.10.21"]
[Round "2.12"]
[White "Anwesh, Upadhyaya"]
[Black "Idani, Pouya"]
[Result "1/2-1/2"]
[WhiteElo "2420"]
[BlackElo "2278"]
[PlyCount "86"]
[EventDate "2010.10.20"]
[EventType "swiss"]
[EventRounds "11"]
[EventCountry "GRE"]
[Source "lmi"]
[SourceDate "2010.10.20"]

1. d4 Nf6 2. c4 e6 3. g3 d5 4. Nf3 Bb4+ 5. Bd2 Be7 6. Bg2 O-O 7. O-O c6 8. Qc2
b6 9. b3 Ba6 10. Rd1 Nbd7 11. a4 Rc8 12. a5 b5 13. c5 Ne4 14. Be1 Rb8 15. Nc3
Nxc3 16. Bxc3 b4 17. Be1 f5 18. Ra4 Bb5 19. Ra2 Ba6 20. Qc1 Re8 21. Bf1 g6 22.
Bd2 Rb5 23. Qa1 Rb7 24. Ra4 e5 25. Rxb4 Rxb4 26. Bxb4 e4 27. Ne1 Nf6 28. Ng2 g5
29. Bd2 h6 30. Qc1 Rf8 31. f4 Ne8 32. e3 Qc8 33. Bxa6 Qxa6 34. Rf1 g4 35. Ne1
Nc7 36. Nc2 Qb5 37. Nb4 Na6 38. Nxa6 Qxa6 39. Rf2 Qd3 40. b4 a6 41. Qd1 Rb8 42.
Qe1 h5 43. Qf1 Qxf1+ 1/2-1/2

[Event "Wch Juvenil 2010 sub18"]
[Site "Porto Carras GRE"]
[Date "2010.10.21"]
[Round "2.13"]
[White "Nuri, Kambez"]
[Black "Nitin, S."]
[Result "1/2-1/2"]
[WhiteElo "2280"]
[BlackElo "2413"]
[PlyCount "80"]
[EventDate "2010.10.20"]
[EventType "swiss"]
[EventRounds "11"]
[EventCountry "GRE"]
[Source "lmi"]
[SourceDate "2010.10.20"]

1. e4 c5 2. Nf3 d6 3. d4 cxd4 4. Nxd4 Nf6 5. Nc3 a6 6. Be2 e6 7. O-O Qc7 8. Be3
b5 9. a3 Bb7 10. f4 Be7 11. Bf3 Nbd7 12. Qe1 Nb6 13. Rd1 O-O 14. Qg3 Nc4 15.
Bc1 Rfd8 16. Kh1 d5 17. e5 Ne4 18. Qe1 Nxc3 19. Qxc3 Rac8 20. Bg4 Bc5 21. Nf3
d4 22. Nxd4 Qb6 23. Ne2 Be3 24. Rd3 Nd2 25. Bxd2 Rxc3 26. Bxe3 Rdxd3 27. Bxb6
Rxc2 28. b4 g6 29. Re1 h5 30. Bf3 Rxf3 31. gxf3 Bxf3+ 32. Kg1 Bxe2 33. Bd8 Bf3
34. h4 Bd5 35. Be7 Rg2+ 36. Kf1 Rg3 37. Rc1 Bc4+ 38. Kf2 Rd3 39. a4 Rd7 40. Bd6
f6 1/2-1/2

[Event "Wch Juvenil 2010 sub18"]
[Site "Porto Carras GRE"]
[Date "2010.10.21"]
[Round "2.14"]
[White "Iljiushenok, Ilia"]
[Black "Larmuseau, Maarten"]
[Result "1-0"]
[WhiteElo "2412"]
[BlackElo "2271"]
[PlyCount "67"]
[EventDate "2010.10.20"]
[EventType "swiss"]
[EventRounds "11"]
[EventCountry "GRE"]
[Source "lmi"]
[SourceDate "2010.10.20"]

1. e4 e6 2. d4 d5 3. Nc3 Bb4 4. e5 c5 5. a3 Bxc3+ 6. bxc3 Qa5 7. Bd2 Qa4 8. Nf3
b6 9. h4 Ba6 10. h5 Bxf1 11. Kxf1 h6 12. Rh4 Ne7 13. Kg1 Qd7 14. Rf4 Nbc6 15.
Nh4 g5 16. hxg6 fxg6 17. Rf6 cxd4 18. cxd4 O-O-O 19. Bb4 Rdg8 20. Qd3 g5 21.
Nf3 Nf5 22. c4 Rg7 23. Rc1 Kb7 24. Bd6 dxc4 25. Qxc4 g4 26. Nd2 Nfxd4 27. Ne4
Re8 28. Bf8 Ne2+ 29. Qxe2 Nd4 30. Nd6+ Qxd6 31. Qe4+ Qd5 32. Qxd5+ exd5 33. Rc8
Rg5 34. Rxe8 1-0

[Event "Wch Juvenil 2010 sub18"]
[Site "Porto Carras GRE"]
[Date "2010.10.21"]
[Round "2.15"]
[White "Espinosa Aranda, Angel"]
[Black "Radusinovic, Lazar"]
[Result "1/2-1/2"]
[WhiteElo "2403"]
[BlackElo "2257"]
[PlyCount "93"]
[EventDate "2010.10.20"]
[EventType "swiss"]
[EventRounds "11"]
[EventCountry "GRE"]
[Source "lmi"]
[SourceDate "2010.10.20"]

1. e4 c5 2. Nf3 Nc6 3. d4 cxd4 4. Nxd4 e5 5. Nb5 d6 6. N1c3 a6 7. Na3 b5 8. Nd5
Nge7 9. Bg5 f6 10. Qh5+ g6 11. Nxf6+ Kf7 12. Qh4 h6 13. Nd5 hxg5 14. Qxh8 Nxd5
15. exd5 Qa5+ 16. c3 Bg7 17. Qh7 Ne7 18. h4 Bf5 19. hxg5 Rh8 20. Qxh8 Bxh8 21.
Rxh8 Nxd5 22. Rc1 Qa4 23. Be2 Nf4 24. f3 Kg7 25. Rh2 Nd3+ 26. Bxd3 Qf4 27. Rd1
Qxh2 28. Kf2 Qh4+ 29. Ke2 Qxg5 30. g4 Bxd3+ 31. Rxd3 Qf4 32. Nc2 Kh6 33. Rd2
Qc4+ 34. Kf2 Qxa2 35. Ne3 Kg7 36. Kg3 Qb1 37. Ng2 a5 38. Rxd6 Qxb2 39. Nh4 Qxc3
40. Rxg6+ Kf7 41. Ra6 e4 42. g5 Qc7+ 43. f4 Qc3+ 44. Kh2 Qd2+ 45. Kg3 Qc3+ 46.
Kh2 Qd2+ 47. Kg3 1/2-1/2

[Event "Wch Juvenil 2010 sub18"]
[Site "Porto Carras GRE"]
[Date "2010.10.21"]
[Round "2.16"]
[White "Tomazini, Aljosa"]
[Black "Mazur, Stefan"]
[Result "0-1"]
[WhiteElo "2255"]
[BlackElo "2402"]
[PlyCount "84"]
[EventDate "2010.10.20"]
[EventType "swiss"]
[EventRounds "11"]
[EventCountry "GRE"]
[Source "lmi"]
[SourceDate "2010.10.20"]

1. d4 Nf6 2. Nf3 g6 3. c4 Bg7 4. Nc3 O-O 5. e4 d6 6. h3 c5 7. d5 b5 8. cxb5 a6
9. a4 axb5 10. Bxb5 Ba6 11. Bg5 h6 12. Be3 Bxb5 13. axb5 Rxa1 14. Qxa1 Nbd7 15.
Nd2 Nb6 16. Qa7 Qb8 17. Qxb8 Rxb8 18. Kd1 Nfd7 19. Kc2 Ra8 20. Rb1 Kh7 21. b4
c4 22. Nf3 Bxc3 23. Kxc3 f5 24. exf5 gxf5 25. Rd1 Ra2 26. Rd2 Ra3+ 27. Kc2 f4
28. Bxf4 Nf6 29. Be3 Nbxd5 30. b6 Nxb4+ 31. Kb1 Ne4 32. Rd4 Nc3+ 33. Kb2 Rb3+
34. Kc1 Ne2+ 35. Kd2 Nxd4 36. Nxd4 c3+ 37. Kc1 Rb2 38. b7 Na2+ 39. Kd1 Rxb7 40.
Nf5 Rb2 41. Nd4 Nb4 42. Kc1 Nd3+ 0-1

[Event "Wch Juvenil 2010 sub18"]
[Site "Porto Carras GRE"]
[Date "2010.10.21"]
[Round "2.17"]
[White "Kanarek, Marcel"]
[Black "Hesham, Abdelrahman"]
[Result "1-0"]
[WhiteElo "2401"]
[BlackElo "2248"]
[PlyCount "128"]
[EventDate "2010.10.20"]
[EventType "swiss"]
[EventRounds "11"]
[EventCountry "GRE"]
[Source "lmi"]
[SourceDate "2010.10.20"]

1. e4 c5 2. Nf3 d6 3. d4 cxd4 4. Nxd4 Nf6 5. Nc3 a6 6. Bg5 e6 7. f4 Be7 8. Qf3
Qc7 9. O-O-O Nbd7 10. Bd3 h6 11. Qh3 Nc5 12. Rhe1 e5 13. Nf5 Bxf5 14. exf5
O-O-O 15. Bxf6 Bxf6 16. Nd5 Qc6 17. Be4 Nxe4 18. Rxe4 Kb8 19. Qb3 Rc8 20. Rb4
Bd8 21. fxe5 dxe5 22. Re4 Re8 23. c4 g6 24. g4 h5 25. h3 hxg4 26. hxg4 Rh8 27.
Kb1 gxf5 28. gxf5 Rh4 29. Rde1 Qh6 30. Qc3 f6 31. Qd3 Rh5 32. Rg4 Rh3 33. Re3
Rh1+ 34. Kc2 Ra1 35. Rg8 Qh7 36. Reg3 Qd7 37. Nc3 Qxd3+ 38. Rxd3 Ba5 39. Rxc8+
Kxc8 40. Rd1 Rxd1 41. Nxd1 e4 42. a3 Kd7 43. b4 Bc7 44. Nf2 Kd6 45. Nxe4+ Ke5
46. Nc5 a5 47. Nxb7 axb4 48. axb4 Kxf5 49. Kd3 Ke5 50. Na5 Ke6 51. Nb3 Be5 52.
Nd4+ Kd6 53. Ke4 Bh2 54. c5+ Kc7 55. Kd5 Bg3 56. b5 Be1 57. Ne6+ Kb7 58. Kd6
Ba5 59. Kd7 f5 60. c6+ Kb8 61. Nf4 Bc7 62. Nd5 f4 63. Nxf4 Bxf4 64. b6 Ka8 1-0

[Event "Wch Juvenil 2010 sub18"]
[Site "Porto Carras GRE"]
[Date "2010.10.21"]
[Round "2.18"]
[White "Setkauskas, Vaidas"]
[Black "Jorczik, Julian"]
[Result "1-0"]
[WhiteElo "2247"]
[BlackElo "2398"]
[PlyCount "51"]
[EventDate "2010.10.20"]
[EventType "swiss"]
[EventRounds "11"]
[EventCountry "GRE"]
[Source "lmi"]
[SourceDate "2010.10.20"]

1. e4 g6 2. d4 Bg7 3. Nf3 d6 4. Nc3 Nf6 5. Be2 O-O 6. O-O e6 7. h3 a6 8. a4 b6
9. e5 dxe5 10. Nxe5 Bb7 11. Bf3 Qc8 12. Qe2 Nfd7 13. Bf4 Ra7 14. Rad1 Bxf3 15.
Qxf3 c5 16. Nxd7 Rxd7 17. dxc5 Qxc5 18. Rxd7 Nxd7 19. Rd1 Ne5 20. Qb7 Nc4 21.
Ne4 Qb4 22. b3 e5 23. Bg5 Nb2 24. Be7 Qa5 25. Ra1 Re8 26. b4 1-0

[Event "Wch Juvenil 2010 sub18"]
[Site "Porto Carras GRE"]
[Date "2010.10.22"]
[Round "3.1"]
[White "Ter-Sahakyan, Samvel"]
[Black "Iljiushenok, Ilia"]
[Result "1-0"]
[WhiteElo "2516"]
[BlackElo "2412"]
[PlyCount "77"]
[EventDate "2010.10.20"]
[EventType "swiss"]
[EventRounds "11"]
[EventCountry "GRE"]
[Source "lmi"]
[SourceDate "2010.10.20"]

1. e4 c5 2. Nf3 Nc6 3. d4 cxd4 4. Nxd4 g6 5. Nc3 Bg7 6. Be3 Nf6 7. Bc4 O-O 8.
Bb3 d6 9. f3 Bd7 10. Qd2 Nxd4 11. Bxd4 b5 12. h4 a5 13. h5 a4 14. Bd5 b4 15.
Ne2 e5 16. Bxa8 exd4 17. h6 Bh8 18. Bd5 Nxd5 19. exd5 a3 20. Rb1 axb2 21. Rxb2
Re8 22. Rxb4 Qa5 23. O-O Qxa2 24. Nxd4 Qxd5 25. c3 Bf6 26. Re1 Rc8 27. Qb2 Qa5
28. f4 Rf8 29. Ra1 Qd8 30. Rb1 Qe8 31. Qd2 Qa8 32. Rb7 Bc8 33. Rb8 Qd5 34. Qe3
Qa5 35. R1b5 Qa1+ 36. Kh2 Qd1 37. Ra5 Qg4 38. Raa8 g5 39. Rxc8 1-0

[Event "Wch Juvenil 2010 sub18"]
[Site "Porto Carras GRE"]
[Date "2010.10.22"]
[Round "3.2"]
[White "Salem, A."]
[Black "Mazur, Stefan"]
[Result "1/2-1/2"]
[WhiteElo "2501"]
[BlackElo "2402"]
[PlyCount "67"]
[EventDate "2010.10.20"]
[EventType "swiss"]
[EventRounds "11"]
[EventCountry "GRE"]
[Source "lmi"]
[SourceDate "2010.10.20"]

1. d4 Nf6 2. c4 g6 3. Nc3 Bg7 4. e4 d6 5. f3 O-O 6. Be3 a6 7. Qd2 Nbd7 8. Nh3
c5 9. d5 Qa5 10. Nf2 b5 11. cxb5 Nb6 12. Nfd1 Nfd7 13. Bh6 Bxh6 14. Qxh6 Ne5
15. h4 f6 16. Kf2 axb5 17. Bxb5 Ba6 18. Bxa6 Rxa6 19. Kg3 Nbc4 20. Qc1 Qb4 21.
b3 Na3 22. Qd2 f5 23. f4 Ng4 24. Re1 Qd4 25. Qe2 Rb6 26. exf5 gxf5 27. Rc1 Rb4
28. Rf1 Kh8 29. Kh3 Rg8 30. g3 Rg7 31. Rf3 Qg1 32. Rf1 Qd4 33. Rf3 Qg1 34. Rf1
1/2-1/2

[Event "Wch Juvenil 2010 sub18"]
[Site "Porto Carras GRE"]
[Date "2010.10.22"]
[Round "3.4"]
[White "Belous, Vladimir"]
[Black "Kanarek, Marcel"]
[Result "1-0"]
[WhiteElo "2498"]
[BlackElo "2401"]
[PlyCount "103"]
[EventDate "2010.10.20"]
[EventType "swiss"]
[EventRounds "11"]
[EventCountry "GRE"]
[Source "lmi"]
[SourceDate "2010.10.20"]

1. c4 Nf6 2. Nc3 g6 3. e4 d6 4. d4 Bg7 5. h3 O-O 6. Bg5 Nbd7 7. Nf3 e5 8. d5 a5
9. Be2 h6 10. Be3 Nc5 11. Nd2 Bd7 12. g4 a4 13. h4 c6 14. g5 hxg5 15. hxg5 Nh7
16. Rg1 Qa5 17. Rg3 cxd5 18. cxd5 b5 19. a3 Rfb8 20. Kf1 b4 21. axb4 Rxb4 22.
Qc2 Rab8 23. Nd1 Rc8 24. Qb1 Bf8 25. Ra3 Be7 26. Bg4 Bxg4 27. Rxg4 Qb5+ 28. Kg2
Qe2 29. Nf3 Rxe4 30. Rxe4 Nxe4 31. Qxe4 Qxd1 32. Rxa4 Qe2 33. b3 Rb8 34. Qc4
Qxc4 35. bxc4 e4 36. Nd2 Nxg5 37. Ra7 Bf6 38. Ra6 Rd8 39. c5 dxc5 40. Rxf6 Rxd5
41. Rc6 Kg7 42. Kg3 Re5 43. Nb3 Ne6 44. Nxc5 Nxc5 45. Bxc5 Rf5 46. Bd4+ Kh6 47.
Kg4 Rf3 48. Be3+ Kg7 49. Rc4 Kf8 50. Kh4 f5 51. Kg5 f4 52. Bc5+ 1-0

[Event "Wch Juvenil 2010 sub18"]
[Site "Porto Carras GRE"]
[Date "2010.10.22"]
[Round "3.5"]
[White "Durarbeyli, Vasif"]
[Black "Swayams, Mishra"]
[Result "1-0"]
[WhiteElo "2495"]
[BlackElo "2377"]
[PlyCount "151"]
[EventDate "2010.10.20"]
[EventType "swiss"]
[EventRounds "11"]
[EventCountry "GRE"]
[Source "lmi"]
[SourceDate "2010.10.20"]

1. e4 e5 2. Nf3 Nc6 3. Bb5 a6 4. Ba4 Nf6 5. O-O Be7 6. Re1 b5 7. Bb3 O-O 8. h3
d6 9. c3 Nb8 10. d4 Nbd7 11. Nbd2 Bb7 12. Bc2 Re8 13. Nf1 Bf8 14. Bg5 h6 15.
Bh4 g6 16. dxe5 dxe5 17. N3h2 Bg7 18. Qf3 Re6 19. Ng4 Qf8 20. Rad1 h5 21. Nxf6+
Nxf6 22. Qg3 Rd6 23. Qxe5 Nxe4 24. Qe7 Rxd1 25. Rxd1 Qxe7 26. Bxe7 Nf6 27. Ne3
Bc6 28. Bb3 Rc8 29. Rd8+ Rxd8 30. Bxd8 Ne8 31. Bd5 Bd7 32. Bb7 a5 33. Nd5 b4
34. cxb4 axb4 35. b3 c5 36. Bc6 Be6 37. Nf4 Nd6 38. Be7 Bf8 39. Bxf8 Kxf8 40.
Nd3 c4 41. bxc4 Nxc4 42. Nxb4 Ke7 43. Bd5 Bxd5 44. Nxd5+ Kd6 45. Nc3 Kc5 46.
Kf1 Kd4 47. Na4 Kd3 48. Ke1 Nd6 49. Nb6 Kd4 50. Ke2 Ne4 51. Kf3 Nc3 52. a3 Kc5
53. Nd7+ Kd6 54. Nf6 Ke5 55. Nh7 Nb5 56. a4 Nd4+ 57. Ke3 Nc2+ 58. Kd2 Nd4 59.
Ng5 Nb3+ 60. Ke3 f6 61. Ne4 g5 62. g3 Na5 63. Kd3 Nb3 64. Kc4 Na5+ 65. Kb5 Nb3
66. Nc5 Nd4+ 67. Kb6 Nc2 68. a5 Nb4 69. Nd3+ Nxd3 70. a6 Nxf2 71. a7 Nxh3 72.
a8=Q h4 73. gxh4 gxh4 74. Qh1 Ng5 75. Qxh4 Ne4 76. Qh2+ 1-0

[Event "Wch Juvenil 2010 sub18"]
[Site "Porto Carras GRE"]
[Date "2010.10.22"]
[Round "3.6"]
[White "Yilmaz, Mustafa"]
[Black "Setkauskas, Vaidas"]
[Result "1-0"]
[WhiteElo "2482"]
[BlackElo "2247"]
[PlyCount "59"]
[EventDate "2010.10.20"]
[EventType "swiss"]
[EventRounds "11"]
[EventCountry "GRE"]
[Source "lmi"]
[SourceDate "2010.10.20"]

1. e4 c5 2. Nf3 d6 3. d4 cxd4 4. Nxd4 Nf6 5. Nc3 g6 6. Be3 Bg7 7. f3 Nc6 8. Qd2
O-O 9. Bc4 Bd7 10. O-O-O Rc8 11. Bb3 Nxd4 12. Bxd4 b5 13. Nd5 Nxd5 14. Bxg7
Kxg7 15. exd5 a5 16. a3 Kg8 17. h4 b4 18. axb4 axb4 19. h5 Qa5 20. Qd4 Bf5 21.
Kd2 Rc5 22. hxg6 Bxg6 23. Ke3 Rc7 24. Qh4 Qc5+ 25. Rd4 Rfc8 26. Kf2 Qb5 27. Rg4
Rxc2+ 28. Bxc2 Rxc2+ 29. Kg3 Qxd5 30. Qxh7+ 1-0

[Event "Wch Juvenil 2010 sub18"]
[Site "Porto Carras GRE"]
[Date "2010.10.22"]
[Round "3.7"]
[White "Mammadov, Ayaz Arzu Oglu"]
[Black "Firat, Burak"]
[Result "1/2-1/2"]
[WhiteElo "2358"]
[BlackElo "2424"]
[PlyCount "61"]
[EventDate "2010.10.20"]
[EventType "swiss"]
[EventRounds "11"]
[EventCountry "GRE"]
[Source "lmi"]
[SourceDate "2010.10.20"]

1. e4 e6 2. d4 d5 3. Nd2 Nf6 4. e5 Nfd7 5. Bd3 c5 6. c3 Nc6 7. Ne2 cxd4 8. cxd4
f6 9. exf6 Qxf6 10. Nf3 h6 11. Qc2 Bd6 12. Bg6+ Ke7 13. O-O Rd8 14. Bd2 Nf8 15.
Bd3 Kf7 16. Bc3 Kg8 17. Ng3 Bd7 18. Rae1 Rac8 19. Qb3 Rc7 20. Ne5 Be8 21. f4
Qh4 22. Qd1 Nxe5 23. fxe5 Be7 24. Rf3 Bg5 25. Ref1 Rf7 26. Rxf7 Bxf7 27. Qf3
Rd7 28. Bb5 Rc7 29. Be8 Qf4 30. Qxf4 Bxf4 31. Rxf4 1/2-1/2

[Event "Wch Juvenil 2010 sub18"]
[Site "Porto Carras GRE"]
[Date "2010.10.22"]
[Round "3.8"]
[White "Rios, Cristhian Camilo"]
[Black "Shimanov, Aleksandr"]
[Result "1/2-1/2"]
[WhiteElo "2380"]
[BlackElo "2512"]
[PlyCount "83"]
[EventDate "2010.10.20"]
[EventType "swiss"]
[EventRounds "11"]
[EventCountry "GRE"]
[Source "lmi"]
[SourceDate "2010.10.20"]

1. e4 c6 2. d4 d5 3. Nc3 dxe4 4. Nxe4 Bf5 5. Ng3 Bg6 6. Nf3 Nd7 7. Bc4 e6 8.
O-O Ngf6 9. Re1 Be7 10. a4 Nd5 11. c3 O-O 12. Qe2 Re8 13. a5 Qc7 14. h4 h6 15.
h5 Bh7 16. Ne5 Bd6 17. Nxd7 Qxd7 18. Ne4 Bf8 19. Qf3 e5 20. Qg3 exd4 21. Bxd5
Kh8 22. Bb3 Bxe4 23. cxd4 Bd5 24. Bf4 Rxe1+ 25. Rxe1 Bb4 26. Re3 Bxb3 27. Rxb3
Qxd4 28. Rd3 Qxb2 29. Be5 Qb1+ 30. Kh2 Bf8 31. Bb8 Be7 32. Rd7 Bf6 33. Rxf7 Qf5
34. Rxb7 Qxh5+ 35. Kg1 Qxa5 36. Qd6 Qa1+ 37. Kh2 Qd4 38. Qf8+ Kh7 39. Rxg7+
Bxg7 40. Qf5+ Kg8 41. Qe6+ Kh8 42. Qc8+ 1/2-1/2

[Event "Wch Juvenil 2010 sub18"]
[Site "Porto Carras GRE"]
[Date "2010.10.22"]
[Round "3.9"]
[White "Koohestani, Sh"]
[Black "Cruz, Cristhian"]
[Result "1/2-1/2"]
[WhiteElo "2344"]
[BlackElo "2497"]
[PlyCount "35"]
[EventDate "2010.10.20"]
[EventType "swiss"]
[EventRounds "11"]
[EventCountry "GRE"]
[Source "lmi"]
[SourceDate "2010.10.20"]

1. d4 Nf6 2. c4 c6 3. Nf3 d5 4. e3 Bg4 5. Nc3 e6 6. Bd3 Nbd7 7. O-O Be7 8. b3
O-O 9. Bb2 Re8 10. h3 Bh5 11. Be2 Bd6 12. Nd2 Bxe2 13. Qxe2 e5 14. dxe5 Bxe5
15. cxd5 Nxd5 16. Nde4 Nxc3 17. Bxc3 Qc7 18. Bxe5 1/2-1/2